00514nam a2200157Ia 4500003000900000008004100009020002200050040001600072080001500088100002700103245010400130260007200234300001800306650002200324650001000346IN-BaIIA211028s9999 xx 000 0 eng d a978-93-81325-01-8 cIIA Library a954bCUL-8 aBhattacharyya, Sukumar 4aThe cultural heritage of Indiabvol. 8cSukumar Bhattacharyya  aBelur Math, KolkatabRamakrishna Math and Ramakrishna Missionc2013 axxxii, 1519p. aCultural heritage aIndia